All 2026 WEC Drivers - Statistics

General Stats
  • This quiz has been taken 19 times
  • The average score is 32 of 105
Answer Stats
Class Nationality Team Manufacturer Number Driver % Correct
Hypercar Japan Toyota Racing Toyota 7 Kamui Kobayashi
86%
Hypercar Poland AF Corse Ferrari 83 Robert Kubica
86%
Hypercar Italy Ferrari AF Corse Ferrari 51 Antonio Giovinazzi
79%
Hypercar Switzerland Toyota Racing Toyota 8 Sébastien Buemi
79%
Hypercar China AF Corse Ferrari 83 Yifei Ye
71%
Hypercar Italy Ferrari AF Corse Ferrari 50 Antonio Fuoco
64%
Hypercar New Zealand Toyota Racing Toyota 8 Brendon Hartley
64%
Hypercar Denmark BMW M Team WRT BMW 15 Kevin Magnussen
64%
LMGT3 USA Proton Competition Ford 88 Logan Sargeant
64%
Hypercar Spain Ferrari AF Corse Ferrari 50 Miguel Molina
64%
Hypercar Japan Toyota Racing Toyota 8 Ryo Hirakawa
64%
Hypercar South Africa BMW M Team WRT BMW 20 Sheldon Van Der Linde
64%
Hypercar Italy Ferrari AF Corse Ferrari 51 Alessandro Pier Guidi
57%
Hypercar France Alpine Endurance Team Alpine 36 Jules Gounon
57%
LMGT3 Belgium Iron Lynx Mercedes 61 Maxime Martin
57%
Hypercar UK AF Corse Ferrari 83 Philip Hanson
57%
Hypercar France Cadillac Hertz Team Jota Cadillac 38 Sébastien Bourdais
57%
Hypercar Portugal Alpine Endurance Team Alpine 35 Antonio Felix Da Costa
50%
Hypercar France Alpine Endurance Team Alpine 35 Charles Milesi
50%
Hypercar UK Ferrari AF Corse Ferrari 51 James Calado
50%
Hypercar UK Toyota Racing Toyota 7 Mike Conway
50%
Hypercar Denmark Ferrari AF Corse Ferrari 50 Nicklas Nielsen
50%
Hypercar The Netherlands Toyota Racing Toyota 7 Nyck De Vries
50%
Hypercar Belgium Peugeot Totalenergies Peugeot 93 Stoffel Vandoorne
50%
Hypercar France Peugeot Totalenergies Peugeot 94 Theo Pourchaire
50%
Hypercar Spain Aston Martin Thor Team Aston Martin 009 Alex Riberas
43%
Hypercar Germany Genesis Magma Racing Genesis 17 André Lotterer
43%
Hypercar Brazil Genesis Magma Racing Genesis 17 Felipe Luis Derani
43%
Hypercar France Peugeot Totalenergies Peugeot 94 Loic Duval
43%
Hypercar Denmark Aston Martin Thor Team Aston Martin 009 Marco Sorensen
43%
Hypercar UK Peugeot Totalenergies Peugeot 93 Paul Di Resta
43%
Hypercar Switzerland BMW M Team WRT BMW 15 Raffaele Marciello
43%
LMGT3 Italy The Bend Manthey Porsche 92 Riccardo Pera
43%
LMGT3 Hong Kong Garage 59 Mclaren 10 Antares Au
36%
Hypercar Spain Genesis Magma Racing Genesis 19 Daniel Juncadella
36%
Hypercar Belgium BMW M Team WRT BMW 15 Dries Vanthoor
36%
LMGT3 Brazil Heart Of Racing Team Aston Martin 23 Eduardo Barrichello
36%
Hypercar Austria Alpine Endurance Team Alpine 35 Ferdinand Habsburg
36%
Hypercar France Genesis Magma Racing Genesis 19 Mathieu Jaminet
36%
Hypercar France Cadillac Hertz Team Jota Cadillac 12 Norman Nato
36%
Hypercar France Genesis Magma Racing Genesis 19 Paul-Loup Chatin
36%
Hypercar France Alpine Endurance Team Alpine 36 Victor Martins
36%
LMGT3 Italy Vista AF Corse Ferrari 21 Alessio Rovera
29%
Hypercar UK Cadillac Hertz Team Jota Cadillac 12 Alex Lynn
29%
LMGT3 Turkey Manthey DK Engineering Porsche 91 Ayhancan Guven
29%
Hypercar New Zealand Cadillac Hertz Team Jota Cadillac 38 Earl Bamber
29%
LMGT3 France Vista AF Corse Ferrari 21 Francçois Hériau
29%
Hypercar France Alpine Endurance Team Alpine 36 Frederic Makowiecki
29%
Hypercar UK Cadillac Hertz Team Jota Cadillac 38 Jack Aitken
29%
LMGT3 Argentina Akkodis ASP Team Lexus 87 José Maria Lopez
29%
LMGT3 Italy Heart Of Racing Team Aston Martin 27 Mattia Drudi
29%
Hypercar Germany BMW M Team WRT BMW 20 René Rast
29%
Hypercar The Netherlands BMW M Team WRT BMW 20 Robin Frijns
29%
LMGT3 Italy Proton Competition Ford 88 Stefano Gattuso
29%
Hypercar UK Cadillac Hertz Team Jota Cadillac 12 Will Stevens
29%
LMGT3 USA TF Sport Corvette 33 Ben Keating
21%
LMGT3 UK Team WRT BMW 69 Daniel Harper
21%
Hypercar UK Aston Martin Thor Team Aston Martin 007 Harry Tincknell
21%
LMGT3 UK Heart Of Racing Team Aston Martin 27 Ian James
21%
Hypercar Denmark Peugeot Totalenergies Peugeot 94 Malthe Jakobsen
21%
Hypercar France Genesis Magma Racing Genesis 17 Mathys Jaubert
21%
Hypercar New Zealand Peugeot Totalenergies Peugeot 93 Nick Cassidy
21%
LMGT3 The Netherlands TF Sport Corvette 33 Nicky Catsburg
21%
LMGT3 Austria The Bend Manthey Porsche 92 Richard Lietz
21%
Hypercar Canada Aston Martin Thor Team Aston Martin 009 Roman De Angelis
21%
Hypercar UK Aston Martin Thor Team Aston Martin 007 Ross Gunn
21%
LMGT3 Indonesia Team WRT BMW 32 Sean Gelael
21%
LMGT3 USA Vista AF Corse Ferrari 21 Simon Mann
21%
Hypercar UK Aston Martin Thor Team Aston Martin 007 Tom Gamble
21%
LMGT3 Sweden Garage 59 Mclaren 58 Alexander West
14%
LMGT3 USA Team WRT BMW 69 Anthony McIntosh
14%
LMGT3 Brazil Team WRT BMW 32 Augusto Farfus
14%
LMGT3 Germany Garage 59 Mclaren 58 Benjamin Goethe
14%
LMGT3 UK Proton Competition Ford 77 Ben Tuck
14%
LMGT3 Ireland Racing Team Turkey By TF Corvette 34 Charlie Eastwood
14%
LMGT3 France Akkodis ASP Team Lexus 78 Esteban Masson
14%
LMGT3 Monaco Vista AF Corse Ferrari 54 Francesco Castellacci
14%
LMGT3 USA Heart Of Racing Team Aston Martin 23 Gray Newell
14%
LMGT3 UK Manthey DK Engineering Porsche 91 James Cottingham
14%
LMGT3 The Netherlands Iron Lynx Mercedes 79 Lin Hodenius
14%
LMGT3 Italy Iron Lynx Mercedes 79 Matteo Cressoni
14%
LMGT3 UK Garage 59 Mclaren 10 Thomas Fleming
14%
LMGT3 Russia Manthey DK Engineering Porsche 91 Timur Boguslavskiy
14%
LMGT3 Belgium Akkodis ASP Team Lexus 78 Tom Van Rompuy
14%
LMGT3 Australia The Bend Manthey Porsche 92 Yasser Shahin
14%
LMGT3 Austria Akkodis ASP Team Lexus 87 Clemens Schmid
7%
LMGT3 UK Team WRT BMW 32 Darren Leung
7%
LMGT3 Italy Vista AF Corse Ferrari 54 Davide Rigon
7%
LMGT3 USA Proton Competition Ford 77 Eric Powell
7%
LMGT3 Germany Garage 59 Mclaren 58 Finn Gehrsitz
7%
LMGT3 Italy Proton Competition Ford 88 Giammarco Levorato
7%
LMGT3 France Akkodis ASP Team Lexus 78 Hadrien David
7%
LMGT3 Italy Iron Lynx Mercedes 79 Johannes Zelger
7%
LMGT3 UK Heart Of Racing Team Aston Martin 23 Jonny Adam
7%
LMGT3 UK TF Sport Corvette 33 Jonny Edgar
7%
LMGT3 Australia Iron Lynx Mercedes 61 Martin Berry
7%
LMGT3 Germany Garage 59 Mclaren 10 Marvin Kirchhofer
7%
LMGT3 Canada Team WRT BMW 69 Parker Thompson
7%
LMGT3 Ireland Racing Team Turkey By TF Corvette 34 Peter Dempsey
7%
LMGT3 Romania Akkodis ASP Team Lexus 87 Petru Umbrarescu
7%
LMGT3 Angola Iron Lynx Mercedes 61 Rui Andrade
7%
LMGT3 Turkey Racing Team Turkey By TF Corvette 34 Salih Yoluç
7%
LMGT3 UK Proton Competition Ford 77 Sebastian Priaulx
7%
LMGT3 Switzerland Vista AF Corse Ferrari 54 Thomas Flohr
7%
LMGT3 Canada Heart Of Racing Team Aston Martin 27 Zacharie Robichon
7%
No matching quizzes found
Score Distribution
Percent of People with Each Score
Percentile by Number Answered
Your Score History
You have not taken this quiz